History of the English people in the nineteen century-ii:the liberal awakening 1815-1830 (Record no. 410858)

000 -LEADER
fixed length control field 00572cam a22001697a 4500
008 - FIXED-LENGTH DATA ELEMENTS--GENERAL INFORMATION
fixed length control field 180718b1949 xxu||||| |||| 00| 0 eng d
082 ## - DEWEY DECIMAL CLASSIFICATION NUMBER
Classification number A6x42 H137/2
100 ## - MAIN ENTRY--PERSONAL NAME
Personal name Halevy, Elie
245 ## - TITLE STATEMENT
Title History of the English people in the nineteen century-ii:the liberal awakening 1815-1830
Statement of responsibility, etc. by Elie Halevy
250 ## - EDITION STATEMENT
Edition statement 2nd
260 ## - PUBLICATION, DISTRIBUTION, ETC.
Place of publication, distribution, etc. London
Name of publisher, distributor, etc. Ernest
Date of publication, distribution, etc. 1949
300 ## - PHYSICAL DESCRIPTION
Extent xv, 325p
650 ## - SUBJECT ADDED ENTRY--TOPICAL TERM
Topical term or geographic name entry element Great Britain -History -20th century.
650 ## - SUBJECT ADDED ENTRY--TOPICAL TERM
Topical term or geographic name entry element Great Britain -Economic conditions
650 ## - SUBJECT ADDED ENTRY--TOPICAL TERM
Topical term or geographic name entry element Great Britain -Civilization
650 ## - SUBJECT ADDED ENTRY--TOPICAL TERM
Topical term or geographic name entry element Great Britain -History -19th century
Holdings
Withdrawn status Lost status Damaged status Not for loan Permanent Location Current Location Date acquired Full call number Barcode Date last seen Price effective from Koha item type
        Indian Institute of Public Administration Indian Institute of Public Administration 2009-01-22 A6x42 H137/2 7156 2018-07-21 2018-07-21 Book

Powered by Koha